Porfirio : la guerra : 1854-1867 /
Biografía de Porfirio Díaz (1830-1915), dividida en seis volúmenes. La segunda entrega describe la vida del personaje desde su incorporación a la lucha contra el régimen del dictador Antonio López de Santa-Anna, hasta el momento en que restaurada la República, entrega a Benito Juárez la plaza de la...
Gardado en:
| Autor Principal: | |
|---|---|
| Outros autores: | |
| Formato: | Libro |
| Idioma: | Lingua castelá |
| Publicado: |
México :
Clío,
1993, c1993
|
| Temas: | |
| Etiquetas: |
Sen Etiquetas, Sexa o primeiro en etiquetar este rexistro!
|
MARC
| LEADER | 00000nam^a2200000^a^4500 | ||
|---|---|---|---|
| 001 | 000587858 | ||
| 005 | 20250522000000.0 | ||
| 009 | 20260310132818.683 | ||
| 020 | |a 968-6932-01-1 | ||
| 020 | |a 968-6932-14-3 | ||
| 037 | |a Acervo Xavier Clavigero | ||
| 041 | |a ESP | ||
| 082 | |a 972. 052 |b KRA V. 2 | ||
| 100 | |a Krauze, Enrique |e (autor) | ||
| 240 | 1 | 1 | |a [Porfirio, biografía de Enrique Krauze y Fausto Zerón-Medina] |
| 245 | 1 | 0 | |a Porfirio : |b la guerra : 1854-1867 / |c E. Krauze, F. Zerón-Medina. |
| 264 | 4 | |a México : |b Clío, |c 1993, c1993 | |
| 300 | |a 73 p. | ||
| 336 | |a texto |b txt |2 rdacontenido | ||
| 337 | |a sin mediación |b n |2 rdamedio | ||
| 338 | |a volumen |b nc |2 rdasoporte | ||
| 520 | |a Biografía de Porfirio Díaz (1830-1915), dividida en seis volúmenes. La segunda entrega describe la vida del personaje desde su incorporación a la lucha contra el régimen del dictador Antonio López de Santa-Anna, hasta el momento en que restaurada la República, entrega a Benito Juárez la plaza de la capital. | ||
| 586 | |a Premio Nacional de Ciencias y Artes, categoría Historia, Ciencias Sociales y Filosofía (61°: 2010), ex aequo | ||
| 649 | |a XX | ||
| 650 | |a Militares Mexicanos - |x Biografías | ||
| 650 | |a Jefes de Estado Mexicanos - |x Biografías | ||
| 650 | |a Políticos Mexicanos - |x Biografías | ||
| 650 | |a Política - |z México - |x Historia - |y Guerra de Reforma, 1858-1861 | ||
| 650 | |a Política - |z México - |x Historia - |y Constitución y Reforma, 1855-1863 | ||
| 650 | |a Política - |z México - |x Historia - |y Intervención y Segundo Imperio, 1861-1867 | ||
| 650 | |a Política - |z México - |x Historia - |y Siglo XIX | ||
| 650 | |a México - |x Historia - |y Guerra de Reforma, 1858-1861 | ||
| 650 | |a México - |x Historia - |y Constitución y Reforma, 1855-1863 - |x Tema Principal | ||
| 650 | |a México - |x Historia - |y Intervención y Segundo Imperio, 1861-1867 - |x Tema Principal | ||
| 650 | |a México - |x Historia - |y Siglo XIX | ||
| 650 | |a Díaz, Porfirio - |x Tema Principal | ||
| 700 | |a Zerón-Medina, Fausto |e (autor) | ||
| 910 | |a Fondo General | ||
| 920 | |a Impresos - Libros | ||
| 930 | |a Reserva Especial | ||
| 905 | |a 103 | ||
| 901 | |a 0500337669 |b IT1 |c REE |i D5944 |u 20250521 | ||
| 902 | |a https://opac.biblio.iteso.mx/vufind/Record/000587858 | ||